000 00371nam a2200133Ia 4500
008 230917s9999||||xx |||||||||||||| ||und||
040 _e181112
_aMAIN
041 _aEnglish
082 _a658.4092 H264H
245 0 _aHarvard business review on leading in turbulent times
260 _aBoston
_bHarvard Business School Press
_c2003
300 _avii, 196 p.
942 _cBK
999 _c164178
_d164178